La Luna, de la pasión a la conquista.

Guardado en:
Formato: Deslizar
Series:Mirando el cielo
Materias:
Etiquetas: Agregar Etiqueta
Sin Etiquetas, Sea el primero en etiquetar este registro!
LEADER 00968ngm a22002655g 4500
001 CEM.cems022569
008 130507b2001##################0###0#####d
005 20241107183943.0
245 0 0 |a La Luna, de la pasión a la conquista. 
300 |a 26'. 
490 0 |a Mirando el cielo 
500 |a En soporte VHS, consultar en ventanilla. 
505 0 |a La luna. Movimientos: nodos. Eclipses lunares: totales y parciales. Fases. Relación con las mareas. Cráteres y volcanes. Relación de la luna con los ritmos biológicos. Llegada del hombre a la luna. 
538 |a Soporte: VHS - Norma: Pal N - Color: Si - Grabación DRD 2001 - Hitachi=5000 
082 5 2 |/ ATC 
653 |a ASTRONOMIA 
653 |a LUNA 
653 |a FASES DE LA LUNA 
653 |a MAREAS 
653 |a ECLIPSES 
653 |a ECLIPSE LUNAR 
653 |a NODOS 
653 |a NIVEL PRIMARIO 
653 |a NIVEL SECUNDARIO 
859 |a CEMS  |b BIB. CEMS - Depto. Recursos Didacticos  |h 520  |i ATC  |k DRD  |p 1212.12  |t Ej.1